Revista Derecho Público III - 9 : A 20 años de la reforma constitucional de 1994 /
Guardado en:
| Formato: | Libro |
|---|---|
| Idioma: | Spanish |
| Publicado: |
Buenos Aires :
Ministerio de Justicia y Derechos Humanos de la Nación, Sistema Argentino de Información Jurídica
2014 :
|
| Etiquetas: |
Agregar Etiqueta
Sin Etiquetas, Sea el primero en etiquetar este registro!
|
| LEADER | 00590nam a22001455a 4500 | ||
|---|---|---|---|
| 001 | DER.der012826 | ||
| 008 | 180615s2014####|||||||||||||||||#||spa|| | ||
| 005 | 20230621131413.0 | ||
| 245 | 1 | 0 | |a Revista Derecho Público III - 9 : |b A 20 años de la reforma constitucional de 1994 / |c Barcesat, Eduardo S. |
| 260 | |a Buenos Aires : |b Ministerio de Justicia y Derechos Humanos de la Nación, |c 2014 : |b Sistema Argentino de Información Jurídica | ||
| 300 | |a 380 p. | ||
| 020 | |a 22507566 | ||
| 700 | 1 | |a Barcesat, Eduardo S., |e dir. | |
| 700 | 1 | |a Corti, Arístides Horacio M., |e dir. | |
| 859 | |a DERECHO |b BIB. DERECHO |p 007944 | ||
